=LDR 00000nam 2200000 4500 =001 INLIS000000000032192 =005 20230912102714 =035 ##$$a 0010-061300000032192 =008 230912################g##########0#ind## =041 ##$$a ind =082 ##$$a R.808.03 =090 ##$$a 808.03, Kom k =100 ##$$a Komaruddin =245 1#$$a Kamus istilah karya tulis ilmiah /$c Komaruddin, Yooke Tjuparmah S. Komaruddin =260 ##$$a Jakarta :$b Bumi Aksara,$c 2007 =300 ##$$a xvi,, 306 hlm. ; $c 23 x 14 cm =650 #4$$a Karya Tulis - Kamus =700 #$$a Yooke Tjuparmah S. Komaruddin =850 ##$$a NBPNMAT =020 ##$$a 979-526-545-8 =084 ##$$a R.808.03 KOM k =250 ##$$a ed.1, cet.4 =504 ##$$a Bibliografi : hlm. 303-305 =990 ##$$a 09820982 =990 ##$$a 2101113 =990 ##$$a 29042904 =990 ##$$a 2101112 =990 ##$$a 2101113